书目信息 |
| 题名: |
电影歌曲和各国民歌
|
|
| 作者: | 薛范 编 | |
| 分册: | 第2册 | |
| 出版信息: | 北京 人民音乐出版社 2006 |
|
| 页数: | 242页 | |
| 开本: | 30cm | |
| 丛书名: | 世界通俗合唱珍品集 | |
| 单 册: | ||
| 中图分类: | J652.53 , J652.4 , J652.4 | |
| 科图分类: | ||
| 主题词: | 合唱--歌曲--世界--选集 , 电影歌曲--世界--选集 , 合唱 , 歌曲 , 民歌--世界--选集 , 民歌 , 电影歌曲 | |
| 电子资源: | ||
| ISBN: | 7-103-03013-8 | |
| 000 | 01036nam0 2200337 450 | |
| 001 | 010040036642 | |
| 005 | 20070805180841.39 | |
| 010 | @a7-103-03013-8@dCNY31.00 | |
| 100 | @a20060614d2006 em y0chiy0110 ea | |
| 101 | 0 | @achi |
| 102 | @aCN@b110000 | |
| 105 | @ag z 000yy | |
| 200 | 1 | @a电影歌曲和各国民歌@Adian ying ge qu he ge guo min ge@9shi jie tong su he chang zhen pin ji@h第2册@f薛范编 |
| 210 | @a北京@c人民音乐出版社@d2006 | |
| 215 | @a242页@d30cm | |
| 225 | 2 | @a世界通俗合唱珍品集@e简谱版 |
| 330 | @a本书精选了读者喜闻乐见、耳熟能详的世界名曲72首,包括:红莓花儿开、莫斯科郊外的晚上、伏尔加河长流水等。 | |
| 410 | 0 | @12001 @a世界通俗合唱珍品集 |
| 606 | 0 | @a合唱@x歌曲@y世界@j选集 |
| 606 | 0 | @a电影歌曲@y世界@j选集 |
| 606 | 0 | @a合唱 |
| 606 | 0 | @a歌曲 |
| 606 | 0 | @a民歌@y世界@j选集 |
| 606 | 0 | @a民歌 |
| 606 | 0 | @a电影歌曲 |
| 690 | @aJ652.53@v4 | |
| 690 | @aJ652.4@v4 | |
| 690 | @aJ652.4@v3 | |
| 701 | 0 | @a薛范@9xue fan@4编 |
| 801 | 0 | @aCN@bRENTIAN@c20070805 |
| 905 | @a10447@dJ652.4@e407:2(1) | |
| 电影歌曲和各国民歌.第2册/薛范编.-北京:人民音乐出版社,2006 |
| 242页;30cm.-(世界通俗合唱珍品集:简谱版) |
| ISBN 7-103-03013-8:CNY31.00 |
| 本书精选了读者喜闻乐见、耳熟能详的世界名曲72首,包括:红莓花儿开、莫斯科郊外的晚上、伏尔加河长流水等。 |
| ● |
| 相关链接 |
|
|
|
|
正题名:电影歌曲和各国民歌
索取号:J652.4/407:2(1)
 
预约/预借
| 序号 | 登录号 | 条形码 | 馆藏地/架位号 | 状态 | 备注 |
| 1 | 0805261 | 208052612 | 第一样本阅览室/ [索取号:J652.4/407:2(1)] | 在馆 | |
| 2 | 0805262 | 208052621 | 第一借阅区/ [索取号:J652.4/407:2(1)] | 在馆 | |
| 3 | 0805263 | 208052630 | 第一借阅区/ [索取号:J652.4/407:2(1)] | 在馆 | |
| 4 | 0805264 | 208052649 | 第一借阅区/ [索取号:J652.4/407:2(1)] | 在馆 | |
| 5 | 0805265 | 208052658 | 密集书库-音乐系/ [索取号:J652.4/407:2(1)] | 在馆 |